000 00516 a2200181 4500
003 OSt
005 20231215101230.0
008 231215b |||||||| |||| 00| 0 eng d
020 _a9788195093748
040 _coclc
082 _a894.8128
_bANI/K
100 _aAnil, K.M.
_910128
245 _aKaalathinte Aakaashagopurangal /
_cK.M. Anil
250 _a1st ed.
260 _aMalappuram:
_bSikha Grandhavedi,
_c2021.
300 _a232p.
942 _2ddc
_cBK
_h894.8128
_iANI/K
_k894.8128
_mANI/K
999 _c44139
_d44139